000 01380nam a2200253Ia 4500
999 _c49305
_d49305
001 16221
003 GE_BSU
005 20220620112951.0
008 181216s2008ge xx |||||||||||||| ||geo||
020 _a978-9941-13-022-9
040 _cGE_BSU
080 _a574.9(075.8) გ-26
100 _aგეგეჭკორი, არნოლდ
_96753
245 _aბიოგეოგრაფია, დედამიწის ხმელეთის ბიომები = Biogeography, Biomes of the World :
_bნაწ.1 /
_cარნოლდ გეგეჭკორი, სამეცნ. რედ: რ. გაგნიძე, ირ. ელიავა
264 _aთბილისი :
_bთბილისის უნ-ტის გამ-ბა,
_c2008.
300 _a528 გვ .:
_bილ,
_c 26სმ.
300 _eლათ.სახ.საძ.გვ:502-515
653 _aბიოგეოგრაფია
653 _aბიომები
700 _aგაგნიძე, რ
_eსამეცნიერო რედაქტორი
_914153
700 _aელიავა, ირ
_eსამეცნიერო რედაქტორი
_92593
710 _aივანე ჯავახიშვილის თბილისის სახელმწიფო უნივერსიტეტი
_914154
942 _cBK
_2udc